| 000 | 01236nam a2200277 i 4500 | ||
|---|---|---|---|
| 001 | 44538 | ||
| 003 | ES-MaACL | ||
| 005 | 20250827062601.0 | ||
| 007 | t| | ||
| 008 | 030321s1886 sp ||||1| spa d | ||
| 080 | _a347.7(460)"1885"(094.4) | ||
| 110 | 1 |
_aEspaña _93622 |
|
| 240 | 1 | 0 | _aCódigo de comercio, 1885 |
| 245 | 1 | 0 |
_aCódigo de comercio de 1885 : _bcomentado y concordado con el anterior y los extranjeros por la redacción de la Revista general de legislación y jurisprudencia. |
| 260 |
_aMadrid : _b[s.n.], _c1886 ( _fImp. de la Revista de Legislación, a cargo de M. Ramos) |
||
| 300 |
_a2 v. (XVI, 630 ; XVI, 647 p.) ; _c22 cm. |
||
| 490 | 1 | _aBiblioteca jurídica de la Revista general de legislación y jurisprudencia | |
| 530 | _aDisponible en formato digital. | ||
| 650 | 4 |
_aDerecho mercantil- _zEspaña- _yS.XIX. _9139158 |
|
| 650 | 4 |
_aDerecho mercantil- _zEuropa. _9154856 |
|
| 710 | 2 |
_aRevista General de Legislación y Jurisprudencia. _96446 |
|
| 830 | 1 |
_aBiblioteca jurídica de la Revista general de legislación y jurisprudencia _9182502 |
|
| 852 | 4 |
_aES-MaACL _jG-14833-34 |
|
| 856 | 4 |
_uhttp://bdh-rd.bne.es/viewer.vm?id=0000137152&page=1 _zBiblioteca Digital Hispánica |
|
| 999 |
_c44538 _d44538 |
||